| 000 | 01004nam a22003017a 4500 | ||
|---|---|---|---|
| 001 | 6899 | ||
| 003 | FISKH | ||
| 005 | 20251210100609.0 | ||
| 008 | 250605b cb ||||| |||| 00| 0 eng d | ||
| 020 | _a9780545425056 | ||
| 040 |
_aFISKH _beng _cFISKH _dFISKH |
||
| 050 | _aPZ7 | ||
| 082 | _a628.9 | ||
| 100 | _aFaulkner, Megan | ||
| 245 |
_aA day at the fire station / _cBy Megan Faulkner ; Photos by Michael Scott |
||
| 250 | _aThis edition first published in 2012 | ||
| 260 |
_aNew York : _bScholastic, _c2012 |
||
| 300 |
_a30 unnumbered pages : _bcolor illustrations ; _c21 x 26 cm |
||
| 505 | _aP | ||
| 520 | _aVisit the firehouse where all aspects of fire fighting and fire prevention are explained. The trucks, equipment, and fire fighters are realistically depicted. | ||
| 521 | 8 |
_a610
_bLexile |
|
| 521 | 8 |
_aP
_bRaz-Plus |
|
| 650 |
_2Community _aFire |
||
| 650 |
_2Fire safety _aFirefighters |
||
| 700 |
_aScott, Michael _dillustrator |
||
| 942 |
_2ddc _cBK _n0 |
||
| 999 |
_c6899 _d6899 |
||